000 00884cam a2200229 a 4500
001 000010052
005 20200929161823.0
008 900321s1989 pr 001 p spa
020 _a086581449X
040 _aDO-SdBNP
_bspa
_cBNPHU
082 _aPR861.44
_bM828c
100 1 _aMorales, Jorge A.
_d1948-
_925024
245 1 0 _aCabos sueltos = Loose ends :
_bescribalazos, baladas de vellonera, vine en busca de tu voz, cabos sueltos / loose ends /
_cJorge A. Morales.
260 _aSan Juan, Puerto Rico :
_bInstituto de Cultura Puertorriqueña,
_c1989.
300 _a208 p. ;
_c21 cm.
500 _aEspañol e Inglés.
505 0 _aEscribalazos -- Baladas de vellonera -- Vine en busca de tu voz -- Cabos sueltos/Loose ends.
650 4 _aPoesía puertorriqueña
_91015
650 4 _aLiteratura puertorriqueña
_9250
650 4 _aCanciones
_xPoesía
_925025
740 0 _aLoose ends.
999 _c9811
_d9811